Personnages célèbres - Série 70 - Statistiques

Statistiques générales
  • Ce quiz a été pris 121 fois
  • Le résultat moyen est 9 sur 15
Statistiques - réponses
Par images Hint Réponse % Correct
Salvador - peintre Dali
97%
Cristiano - football Ronaldo
97%
Lionel - football Messi
96%
Pablo - peintre Picasso
95%
Naomi - mannequin Campbell
88%
Philippe - patinage Candeloro
86%
Luciano - ténor Pavarotti
78%
Jean Luc - réalisateur Godard
70%
Pablo - écrivain chilien Neruda
53%
Fred - romancière Vargas
43%
Valérie - actrice Benguigui
39%
Philippe - journaliste Labro
36%
Michel - journalise Field
31%
Cathy - 400 mètres Freeman
21%
Orane - actrice Demazis
14%
Aucun quiz correspondant
Distribution des résultats
% des personnes avec chaque résultat
Percentile par nombre de réponses
Votre historique - résultats
Vous n’avez pas pris ce quiz